Ειρηνικά ; ; Κειμήλια ; ; Εξωτικά

Αποθηκεύτηκε σε:
Λεπτομέρειες βιβλιογραφικής εγγραφής
Κύριος συγγραφέας: Πολέμης, Ιωάννης, 1862-1924
Μορφή: Βιβλίο
Γλώσσα:Greek
Δημοσίευση: Αθήναι : Σιδέρης, [19--]
Θέματα:
Ετικέτες: Προσθήκη ετικέτας
Δεν υπάρχουν, Καταχωρήστε ετικέτα πρώτοι!

MARC

LEADER 00000cam a2200000 i 4500
001 1/92284
008 080826q19501970 gre d
035 |l 10099573 
040 |a GR-MY-UA  |b gre  |e aacr 
041 0 |a gre 
082 0 |a 889.13  |2 (22) 
100 1 |a Πολέμης, Ιωάννης,   |d 1862-1924. 
245 1 0 |a Ειρηνικά ; ; Κειμήλια ; ; Εξωτικά /  |c Ιωάννου Πολέμη 
260 |a Αθήναι :   |b Σιδέρης,   |c [19--] 
300 |a π. 290 σ. 
500 |a Το τεκμήριο περιλαμβάνει τα έργα Ειρηνικά, Κειμήλια και Εξωτικά δεμένα μαζί 
650 0 0 |a Greek poetry, Modern  |y 20th century. 
740 0 2 |a Ειρηνικά 
740 0 2 |a Κειμήλια 
740 0 2 |a Εξωτικά 
852 |a INST  |b RHODES  |c AKA  |e 20080826  |h  889.13 ΠΟΛ  |p 005400027639  |q 005400027639  |t BK  |y 0 
901 |a BIBL4-2008-2 
909 |a Ρ  |b 150864 
970 |a ΧΑΡΙΟΠΟΛΙΤΟΥ  |b ΚΩΝΣΤΑΝΤΙΝΑ  |z 2008/08/26